100 Largest Cities in South Carolina with a Map - Statistics

General Stats
  • This quiz has been taken 377 times
  • The average score is 42 of 100
Answers on the Map
Answers color-coded by a green-red scale on the quiz's map according to % correct below.
 
Answer Stats
Population City % Correct
150,227 Charleston
98%
136,632 Columbia
96%
70,720 Greenville
93%
35,682 Myrtle Beach
92%
38,732 Spartanburg
85%
114,852 North Charleston
83%
37,661 Hilton Head Island
82%
74,372 Rock Hill
78%
39,899 Florence
77%
28,106 Anderson
74%
17,681 Clemson
73%
18,790 North Myrtle Beach
72%
90,801 Mount Pleasant
70%
43,463 Sumter
69%
32,025 Aiken
68%
24,379 North Augusta
64%
13,607 Beaufort
63%
50,915 Summerville
63%
35,308 Greer
62%
13,240 Orangeburg
60%
24,849 Conway
59%
8,403 Georgetown
59%
22,545 Greenwood
54%
23,568 Lexington
54%
45,946 Goose Creek
53%
24,521 Fort Mill
52%
17,416 West Columbia
50%
11,569 Irmo
49%
8,503 York
48%
3,388 Pickens
47%
27,716 Bluffton
46%
24,724 Mauldin
46%
23,354 Simpsonville
46%
5,269 Chester
45%
6,149 Darlington
45%
12,764 Gaffney
45%
22,921 Easley
44%
8,460 Lancaster
44%
10,691 Newberry
44%
6,448 Marion
43%
4,874 Abbeville
42%
9,335 Laurens
42%
7,788 Camden
41%
6,384 Dillon
41%
8,850 Seneca
41%
13,781 Cayce
40%
8,174 Union
40%
7,788 Travelers Rest
39%
13,297 Moncks Corner
38%
4,652 Barnwell
37%
2,694 Allendale
36%
3,122 Saluda
36%
5,544 Walterboro
36%
7,633 Clinton
35%
2,694 Hampton
35%
4,347 Isle of Palms
35%
3,076 Bamberg
34%
7,473 Hardeeville
34%
4,072 Walhalla
34%
12,832 Tega Cay
32%
5,270 Batesburg-Leesville
31%
5,247 Central
31%
14,220 Port Royal
31%
4,772 Blythewood
30%
10,416 Fountain Inn
30%
7,446 Hartsville
29%
11,621 James Island
29%
2,481 Landrum
29%
4,041 Duncan
28%
20,325 Hanahan
28%
2,990 Inman
28%
3,244 Kingstree
28%
4,026 Mullins
28%
3,489 Pendleton
28%
5,040 Cheraw
27%
3,878 Manning
27%
7,020 Bennettsville
26%
10,617 Forest Acres
26%
4,155 Surfside Beach
26%
6,671 Clover
25%
5,903 Lake City
25%
3,186 Denmark
24%
3,758 Ridgeland
24%
3,215 Winnsboro
24%
4,335 Belton
23%
3,366 Liberty
23%
2,449 Loris
23%
6,173 Lyman
23%
4,212 Woodruff
23%
3,024 Bishopville
22%
3,686 Honea Path
22%
5,339 Hollywood
21%
2,575 Andrews
20%
2,456 Pageland
20%
4,043 Williamston
18%
2,542 Ravenel
16%
2,744 Springdale
16%
3,293 Wellford
16%
2,877 Williston
16%
3,105 Burnettown
13%
No matching quizzes found
Score Distribution
Percent of People with Each Score
Percentile by Number Answered
Your Score History
You have not taken this quiz